000 00873nam a22002297a 4500
999 _c19855
_d19855
003 AR-CdUCM
008 190402b ||||| |||| 00| 0 spa d
040 _aMUNICIPALIDAD PROVINCIAL DEL CUSCO
_cBIBLIOTECA MUNICIPAL DEL CUSCO
082 _a301 /
_bS56
100 _aSimmel, Jorge
_927985
245 _aSociología :
_bEstudios sobre las formas de socialización /
260 _aMadrid :
_bRevista de Occidente,
_c1927.
300 _atomo xv
_c25 cm.
440 _aNuevos hechos nuevas ideas
_nxv
_940843
505 _aContenido : El espacio y sociedad -- Digresión sobre la limitación social -- La ampliación de los grupos y la formación de la individualidad...
650 _aConductas sociales
_940844
650 _aCírculos sociales
_940845
650 _aSociedad
_953
700 _aPérez Bances, J.
_940846
942 _2ddc
_cLIBROS
945 _aAndy
_d2019-05-23